| 000 | 00764nam a2200265 a 4500 | ||
|---|---|---|---|
| 001 | 80132 | ||
| 003 | BD-RjUL | ||
| 005 | 20220728105302.0 | ||
| 008 | 220727r20172005at 000 0 eng d | ||
| 020 | _a8131500209 | ||
| 020 | _a9788131500200 | ||
| 035 | _a(BD-RjUL)80132 | ||
| 040 |
_aWIS _beng _cINCSK _dOCLCQ _dBD-RjUL |
||
| 041 | _aeng | ||
| 082 |
_223 _a577 _bODF 2017 |
||
| 100 | 1 |
_aOdum, Eugene P. _94166 |
|
| 245 | 1 | 0 |
_aFundamentals of ecology / _cEugene P. Odum, Gary W. Barrett. |
| 250 | _a5th ed. | ||
| 260 |
_aAustralia ; _aNew Delhi : _bCengage Learning, _cc2005, [Indian reprint 2017] |
||
| 300 |
_axviii, 596 pages : _bill.; _c26 cm. |
||
| 500 | _aIncludes index. | ||
| 650 | 0 | _aEcology. | |
| 700 | 1 |
_aBarrett, Gray W. _94167 |
|
| 942 |
_2ddc _cBK |
||
| 999 |
_c80132 _d80132 |
||